No entry (Record no. 73845)
[ view plain ]
| 000 -LEADER | |
|---|---|
| fixed length control field | 01143cam a2200229 4500 |
| 001 - CONTROL NUMBER | |
| control field | ABS67262 |
| 008 - FIXED-LENGTH DATA ELEMENTS--GENERAL INFORMATION | |
| fixed length control field | 031124n2003 000 0 eng u |
| 035 ## - SYSTEM CONTROL NUMBER | |
| System control number | (Sirsi) u124451 |
| 100 ## - MAIN ENTRY--PERSONAL NAME | |
| Personal name | Singleton, S. |
| 245 ## - TITLE STATEMENT | |
| Title | No entry |
| 260 ## - PUBLICATION, DISTRIBUTION, ETC. | |
| Date of publication, distribution, etc. | 2003 |
| 490 ## - SERIES STATEMENT | |
| Series statement | Chartered Secretary |
| Volume/sequential designation | November 2003, 30-33(4) |
| 520 ## - SUMMARY, ETC. | |
| Summary, etc. | Discusses the main provisions of the Privacy and Electronic Communication (EC Directive) Regulations 2003 which come into force on 11 December 2003. Under the regulations, unsolicited commercial email and text messages can only be sent if the recipient has agreed in advance and firms who use cookies and similar internet tracking devices will be required to provide information on these. Looks at the effect of the regulations on direct marketing, safety, user and traffic data, location data and call services. |
| 590 ## - LOCAL NOTE (RLIN) | |
| Local note | ABS |
| 650 ## - SUBJECT ADDED ENTRY--TOPICAL TERM | |
| Topical term or geographic name entry element | PRIVACY AND ELECTRONIC COMMUNICATIONS (EC DIRECTIVE) REGULATIONS 2003 |
| 650 ## - SUBJECT ADDED ENTRY--TOPICAL TERM | |
| Topical term or geographic name entry element | EC DIRECTIVES |
| 650 ## - SUBJECT ADDED ENTRY--TOPICAL TERM | |
| Topical term or geographic name entry element | PRIVACY |
| 650 ## - SUBJECT ADDED ENTRY--TOPICAL TERM | |
| Topical term or geographic name entry element | ELECTRONIC COMMUNICATIONS |
| 650 ## - SUBJECT ADDED ENTRY--TOPICAL TERM | |
| Topical term or geographic name entry element | MARKETING |
| 690 ## - LOCAL SUBJECT ADDED ENTRY--TOPICAL TERM (OCLC, RLIN) | |
| Topical term or geographic name as entry element | MANAGEMENT-BUSINESS MANAGEMENT-INFORMATION MANAGEMENT |
| 942 ## - ADDED ENTRY ELEMENTS (KOHA) | |
| Suppress in OPAC | 0 |
| Withdrawn status | Lost status | Source of classification or shelving scheme | Damaged status | Not for loan | Home library | Current library | Shelving location | Date acquired | Total Checkouts | Full call number | Barcode | Date last seen | Copy number | Price effective from | Koha item type |
|---|---|---|---|---|---|---|---|---|---|---|---|---|---|---|---|
| Dewey Decimal Classification | London | London | Journal article | 24/11/2003 | ABS67262 | 124451-1001 | 06/08/2019 | 1 | 06/08/2019 | Journal article |